000 00987cam a22003257a 4500
003 CHAP
005 20220329134358.0
008 971013s1951 mx r 00010 spa d
010 _a19644
011 _a20616
035 _a24704
040 _cCHAP
090 _aFolleto 1576
100 0 0 _aAmorós G., Roberto.
_95430
245 1 3 _aLa batalla del café
260 _aMéxico, D.F., :
_bEditorial Ruta,
_c1951
300 _a48 p
490 0 _aColección popular
_v; 9
590 _aBATCH-UPD
_b10
_c20130110
_lUCH01
_h0022
590 _aBATCH-UPD
_b10
_c20130110
_lUCH01
_h1742
590 _aBATCH-UPD
_b10
_c20130409
_lUCH01
_h2002
590 _aBATCH-UPD
_b10
_c20130410
_lUCH01
_h1121
590 _aBATCH-UPD
_b10
_c20130914
_lUCH01
_h0323
590 _aCONVERSION
_b10
_c20130109
_lUCH01
_h1312
650 1 4 _aCafé
_xAspectos económicos.
_917090
830 0 _aColección popular
_v; 9
_924953
901 _aBK
942 _cFOLL
949 _aFolleto 1576
_bBC
_cFOLL
_d-56896
_eTS1
_i24704
_si
999 _c19644
_d19644